00622nam a22001217a 4500040001500000082001400015100001600029245006200045260003700107300001500144505032700159650001400486 cMCS (NUST) a005.8,SAE aSaeed, Amna aSelf Healing Group Key Management Protocols /cAmna Saeed aRawalpindibMCS (NUST)cMar 2013 axiii,79 p, aIntroduction (Page-1), Group Key Management Protocols (Page-7), Analysis of Self Group Key Management Protocols (Page-29), Collusion and Rejoining Attack Problem in Self-Healing KGMP (Page-37), A Self-Healing GKMP for KLH with Resistance to Collusion and Rejoining attacks (Page-52), Conclusion and Future Works (Page-70). aPG Thesis